[Event "Ceriano Laghetto op-C 23rd"]
[Site "Ceriano Laghetto"]
[Date "2014.03.16"]
[Round "5"]
[White "De Regibus, Giuseppe"]
[Black "Kiszka, Jean Marc"]
[Result "1-0"]
[WhiteElo "1509"]
[BlackElo "1363"]
[PlyCount "105"]
[EventDate "2014.03.14"]
[EventType "swiss"]
[EventRounds "5"]
[EventCountry "ITA"]
[SourceTitle "EXT 2024"]
[Source "ChessBase"]
[SourceDate "2023.10.10"]
[SourceVersion "1"]
[SourceVersionDate "2023.10.10"]
[SourceQuality "1"]

1. d4 Nf6 2. c4 g6 3. Nc3 d5 4. Nf3 Bg7 5. e3 Bf5 6. Qb3 dxc4 7. Bxc4 0-0 8. Qxb7 Nbd7 9. Qb3 Nb6 10. Be2 Ne4 11. 0-0 Nxc3 12. bxc3 Be6 13. Qc2 Bc4 14. Re1 Bxe2 15. Qxe2 c5 16. Bd2 c4 17. a4 a5 18. Bc1 Qc7 19. e4 e6 20. Be3 Qc6 21. Qc2 Rfd8 22. Reb1 Rdb8 23. Bf4 Rb7 24. Nd2 Raa7 25. f3 Nd7 26. e5 f6 27. exf6 Nxf6 28. Ne4 Nxe4 29. fxe4 Rxb1+ 30. Rxb1 Rb7 31. Rxb7 Qxb7 32. h3 Qb3 33. Qxb3 cxb3 34. Bc1 Bh6 35. Bb2 Kf7 36. e5 Ke7 37. Kf2 Kd7 38. Ke2 Kc6 39. c4 Bf8 40. Kd3 h5 41. Kc3 Be7 42. Kxb3 g5 43. g4 hxg4 44. hxg4 Kb6 45. Kc3 Kc6 46. Kd3 Kb6 47. Ke4 Kc6 48. Bc3 Bb4 49. Kd3 Bxc3 50. Kxc3 Kb6 51. Kd3 Kc6 52. Ke4 Kb6 53. d5 1-0

[Event "Ceriano Laghetto op-C 21st"]
[Site "Ceriano Laghetto"]
[Date "2012.03.??"]
[Round "2"]
[White "Marchesotti, Giovanni"]
[Black "Kiszka, Jean Marc"]
[Result "1-0"]
[WhiteElo "1572"]
[BlackElo "1377"]
[PlyCount "79"]
[EventDate "2012.03.24"]
[EventType "swiss"]
[EventRounds "5"]
[EventCountry "ITA"]
[SourceTitle "EXT 2024"]
[Source "ChessBase"]
[SourceDate "2023.10.10"]
[SourceVersion "1"]
[SourceVersionDate "2023.10.10"]
[SourceQuality "1"]

1. b3 d5 2. Bb2 Nf6 3. e3 g6 4. Be2 Bg7 5. f4 Bf5 6. Nf3 0-0 7. 0-0 c6 8. Nh4 Bc8 9. a4 e6 10. Nf3 Nbd7 11. Ne5 Nxe5 12. Bxe5 b6 13. Nc3 Nd7 14. Bxg7 Kxg7 15. d4 Nf6 16. Bf3 Bd7 17. Ne2 a5 18. c4 Qe7 19. Qd2 Rab8 20. Rab1 Rfe8 21. Rfc1 Rec8 22. Qd3 b5 23. c5 Rb7 24. axb5 Rxb5 25. Nc3 Rb7 26. Na4 Rcb8 27. Nb6 Ne8 28. Qa6 Nf6 29. Qxa5 Ne4 30. Bxe4 dxe4 31. Qd2 h5 32. Ra1 Be8 33. Ra5 f6 34. Rca1 Qd8 35. Ra8 Kh6 36. Rxb8 Rxb8 37. Ra7 g5 38. fxg5+ fxg5 39. Qf2 Kg6 40. Qf8 1-0

[Event "Ceriano Laghetto op-C 21st"]
[Site "Ceriano Laghetto"]
[Date "2012.03.??"]
[Round "3"]
[White "Ossoli, Giuseppe"]
[Black "Kiszka, Jean Marc"]
[Result "1/2-1/2"]
[WhiteElo "1485"]
[BlackElo "1377"]
[PlyCount "109"]
[EventDate "2012.03.24"]
[EventType "swiss"]
[EventRounds "5"]
[EventCountry "ITA"]
[SourceTitle "EXT 2024"]
[Source "ChessBase"]
[SourceDate "2023.10.10"]
[SourceVersion "1"]
[SourceVersionDate "2023.10.10"]
[SourceQuality "1"]

1. e4 c5 2. Nc3 Nc6 3. d3 Nf6 4. g3 d6 5. Bg2 e6 6. f4 Bd7 7. Nf3 Qc7 8. 0-0 a6 9. h3 Be7 10. Be3 0-0 11. Qd2 Rad8 12. a3 b5 13. Ne2 e5 14. f5 d5 15. exd5 Nxd5 16. g4 Nxe3 17. Qxe3 Rde8 18. Kh1 Nd4 19. Qd2 Nxf3 20. Bxf3 Bc6 21. Be4 Rd8 22. Qe3 Bxe4+ 23. Qxe4 Rc8 24. Nc3 Rfd8 25. Nd5 Qd6 26. Nxe7+ Qxe7 27. Rae1 Re8 28. Re2 f6 29. Kh2 Qd7 30. Qg2 Qc6 31. Rg1 Qxg2+ 32. Rgxg2 Re7 33. g5 Rc6 34. h4 Kh8 35. h5 fxg5 36. Rxg5 Rf6 37. Reg2 h6 38. Rg6 Rxf5 39. Rxa6 Rxh5+ 40. Kg1 e4 41. dxe4 Rxe4 42. Ra7 Rg5 43. Rb7 Rxg2+ 44. Kxg2 Re2+ 45. Kg3 Rxc2 46. Rxb5 c4 47. a4 Rc1 48. Rc5 Rc2 49. a5 Rxb2 50. Rxc4 Rb8 51. a6 Ra8 52. Rc6 Kh7 53. Kg4 Kg8 54. Kh5 Kf7 55. Kg4 1/2-1/2

[Event "Ceriano Laghetto op-C 20th"]
[Site "Ceriano Laghetto"]
[Date "2011.04.02"]
[Round "3"]
[White "Kiszka, Jean Marc"]
[Black "Sala, Pierluigi"]
[Result "1/2-1/2"]
[WhiteElo "1419"]
[BlackElo "1508"]
[PlyCount "84"]
[EventDate "2011.04.01"]
[EventType "swiss"]
[EventRounds "5"]
[EventCountry "ITA"]
[SourceTitle "EXT 2024"]
[Source "ChessBase"]
[SourceDate "2023.10.10"]
[SourceVersion "1"]
[SourceVersionDate "2023.10.10"]
[SourceQuality "1"]

1. c4 g6 2. Nc3 Bg7 3. Nf3 Nf6 4. g3 b6 5. Bg2 Bb7 6. 0-0 0-0 7. d3 d6 8. Rb1 Nbd7 9. b4 Re8 10. Bb2 e5 11. e3 c5 12. a3 Rb8 13. Nb5 Bf8 14. Nxa7 cxb4 15. Nb5 bxa3 16. Bxa3 Nc5 17. Bxc5 dxc5 18. Nc3 Bh6 19. Qc2 e4 20. dxe4 Nxe4 21. Rbd1 Qe7 22. Nd2 Nxc3 23. Qxc3 Bg7 24. Qc2 Bc8 25. Qe4 Be6 26. Qc2 Bg4 27. Nf3 Ra8 28. h3 Bd7 29. Qe2 Ra7 30. Rb1 Rb8 31. Rfd1 Ba4 32. Rd3 Bc6 33. Nd2 Bxg2 34. Kxg2 Ra2 35. Qf3 Rd8 36. Rxd8+ Qxd8 37. Ne4 f5 38. Rd1 Qa8 39. Nd6 Qxf3+ 40. Kxf3 Ra8 41. Nb5 Bf8 42. Rb1 Be7 1/2-1/2

[Event "Ceriano Laghetto op"]
[Site "Ceriano Laghetto"]
[Date "2009.02.24"]
[Round "4"]
[White "Fusi, Claudio"]
[Black "Kiszka, Jean Marc"]
[Result "1/2-1/2"]
[WhiteElo "1586"]
[BlackElo "1452"]
[PlyCount "103"]
[EventDate "2009.02.03"]
[EventType "swiss"]
[EventRounds "6"]
[EventCountry "ITA"]
[SourceTitle "EXT 2011"]
[Source "ChessBase"]
[SourceDate "2010.11.26"]
[SourceVersion "1"]
[SourceVersionDate "2010.11.26"]
[SourceQuality "1"]

1. d4 Nf6 2. c4 g6 3. Nc3 d5 4. Bg5 c6 5. cxd5 Nxd5 6. e3 Nxc3 7. bxc3 Qa5 8. Qb3 Qxg5 9. Nf3 Qf6 10. Bc4 e6 11. a4 Nd7 12. 0-0 Bg7 13. e4 0-0 14. e5 Qd8 15. a5 Rb8 16. Qa2 a6 17. Nd2 b5 18. axb6 Rxb6 19. Ne4 Bb7 20. Nd6 Qe7 21. Nxb7 Rxb7 22. Qxa6 Rc7 23. f4 Rd8 24. Qa5 Nb8 25. Rfb1 Rcc8 26. Qb6 Qc7 27. Ra7 Qxb6 28. Rxb6 Bf8 29. Rbb7 Rd7 30. Rxd7 Nxd7 31. Rxd7 Ba3 32. Bf1 Bc1 33. g3 Bb2 34. c4 Rb8 35. d5 cxd5 36. cxd5 exd5 37. Rxd5 Kf8 38. Bd3 Ke7 39. f5 Rd8 40. Rxd8 Kxd8 41. e6 fxe6 42. fxe6 Ke7 43. Bc4 Bf6 44. Kg2 Kd6 45. Kf3 Be5 46. h4 Bf6 47. Kg4 h6 48. h5 gxh5+ 49. Kxh5 Bg5 50. g4 Ke5 51. Kg6 Kd4 52. Kf7 1/2-1/2